Investičné fondy členských štátov RVHP a ich integrácia kandidátska dizertačná práca

Enregistré dans:
Détails bibliographiques
Auteur principal: Rácz, Eugen
Collectivité auteur: Vysoká škola ekonomická v Bratislave. Národohospodárska fakulta
Autres auteurs: Sládek, Viliam
Format: Livre
Langue:slovaque
Publié: Bratislava 1986
Tags: Ajouter un tag
Pas de tags, Soyez le premier à ajouter un tag!

MARC

LEADER 00000nam a2200000 4500
001 c026958
005 20221219100531.6
041 0 |a slo 
044 |a SK 
245 1 0 |a Investičné fondy členských štátov RVHP a ich integrácia  |b kandidátska dizertačná práca  |c Eugen Rácz ; Ved. práce Viliam Sládek 
264 1 |a Bratislava  |c 1986 
300 |a 180 s. 
100 1 |a Rácz, Eugen 
700 1 |a Sládek, Viliam 
710 2 |a Vysoká škola ekonomická v Bratislave. Národohospodárska fakulta